Suicidio y alienación
| Autor principal: | |
|---|---|
| Tipo de documento: | Print Libro |
| Lenguaje: | Español |
| Publicado: |
Bucaramanga
Ed. Biblioteca Gabriel Turbay
1985
|
| En: |
Ensayos (4)
Año: 1985 |
| Edición: | 1. ed. |
| Disponibilidad en Tübingen: | Disponible en Tübingen. UB: KB 8 E 1443 |
| Verificar disponibilidad: | HBZ Gateway |
| Servicio de pedido Subito: | Pedir ahora. |
MARC
| LEADER | 00000cam a2200000 c 4500 | ||
|---|---|---|---|
| 001 | 1084679558 | ||
| 003 | DE-627 | ||
| 005 | 20260206200742.0 | ||
| 007 | tu | ||
| 008 | 880802s1985 xx ||||| 00| ||spa c | ||
| 035 | |a (DE-627)1084679558 | ||
| 035 | |a (DE-603)177836911 | ||
| 035 | |a (DE-576)014679558 | ||
| 035 | |a (DE-599)BSZ014679558 | ||
| 035 | |a (OCoLC)16831314 | ||
| 040 | |a DE-627 |b ger |c DE-627 |e rakwb | ||
| 041 | |a spa | ||
| 100 | 1 | |a León Guarín, Libardo |0 (DE-627)1234930803 |0 (DE-576)164930809 |4 aut | |
| 109 | |a León Guarín, Libardo |a León-Guarín, Libardo |a Guarín, Libardo L. | ||
| 245 | 1 | 0 | |a Suicidio y alienación |c Libardo León Guarín |
| 250 | |a 1. ed. | ||
| 264 | 1 | |a Bucaramanga |b Ed. Biblioteca Gabriel Turbay |c 1985 | |
| 300 | |a 151 S. |b Ill. | ||
| 336 | |a Text |b txt |2 rdacontent | ||
| 337 | |a ohne Hilfsmittel zu benutzen |b n |2 rdamedia | ||
| 338 | |a Band |b nc |2 rdacarrier | ||
| 490 | 1 | |a Ensayos |v 4 | |
| 500 | |a Literaturverz. S. 123 - 130 | ||
| 583 | 1 | |a Archivierung prüfen |c 20200919 |f DE-640 |z 1 |2 pdager | |
| 830 | 0 | |a Ensayos |v 4 |9 4 |w (DE-627)1084679493 |w (DE-576)014679493 |7 am | |
| 935 | |h HEB |i 0501 | ||
| 935 | |h HEB |i 0503 | ||
| 951 | |a BO | ||
| ELC | |b 1 | ||
| LOK | |0 000 xxxxxcx a22 zn 4500 | ||
| LOK | |0 001 2110838868 | ||
| LOK | |0 003 DE-627 | ||
| LOK | |0 004 1084679558 | ||
| LOK | |0 005 20151102131428 | ||
| LOK | |0 008 880802||||||||||||||||ger||||||| | ||
| LOK | |0 040 |a DE-21 |c DE-627 |d DE-21 | ||
| LOK | |0 852 |a DE-21 | ||
| LOK | |0 852 1 |c KB 8 E 1443 |9 00 | ||
| LOK | |0 935 |a krim | ||
| LOK | |0 939 |a 02-08-88 |b l01 | ||
| ORI | |a SA-MARC-krimdoka001.raw | ||
| SIG | |a UB: KB 8 E 1443 | ||
